Musicals by Last Lyrics Quiz Stats

Quiz Updated Nov 8, 2016

Challenge
Share
Tweet
Embed
Score 0/29 Timer 07:00
1 Play Today
Lyric Musical % Correct
In the circle, the circle of lifeThe Lion King
92.8%
And all that jazzChicago
86.6%
You can't stop the beatHairspray
76.4%
Don't feed the plantsLittle Shop of Horrors
69%
No day but todayRENT
62.6%
Let the sunshine in, the sunshine inHair
58.6%
Do you hear the distant drums? It is the future that they bring when tomorrow comes!Les Miserables
57.6%
I belong in Anatevka, dear little village, little town of mineFiddler on the Roof
51.5%
Always look on the right side of lifeMonty Python's Spamalot
46.2%
Auf wiedersehn! A bientot! Good night!Cabaret
45%
Hold my hand and I'll take you there, somehow, some dayWest Side Story
44.8%
People will say we're in loveOklahoma!
34.8%
And happy ever after. I wish ...Into the Woods
34.2%
She's ... The ... One!A Chorus Line
34%
And whistle a happy tune, and no one ever knows I'm afraidThe King and I
30.9%
Lyric Musical % Correct
And all shall know the wonder of purple summerSpring Awakening
30.1%
Comedy comedy comedy comedy tonight!A Funny Thing Happened on the Way to the Forum
29.8%
Everything in life is only for nowAvenue Q
28.6%
Being alive! Being alive! Being alive!Company
21.4%
Tiny insects called the human race, lost in time, lost in space, and meaningThe Rocky Horror Show
20.2%
For happiness is anyone and anything at all that's loved by youYou're a Good Man, Charlie Brown
18.4%
Our son will ride on the wheels of a dreamRagtime
17.8%
Everybody's got the right to their dreams *gunshots*Assassins
15.9%
Still life preserved forever, no less than she deservedEvita
12.6%
Just dream, baby, and we'll be there, we'll be thereDreamgirls
10%
Hail Malthus. Thank you and goodnight. That was our show!Urinetown
9.7%
And make this moment last, because the best of times is nowLa Cage Aux Folles
8.7%
I’m the bravest individual I have ever metSweet Charity
7.3%
Many a heart is aching, if you could read them all; many the hopesShow Boat
5.4%

You're not logged in!

Compare scores with friends on all Sporcle quizzes.
Sign Up with Email
OR
Log In

You Might Also Like...

Show Comments

Extras

Top Quizzes Today


Score Distribution

Your Account Isn't Verified!

In order to create a playlist on Sporcle, you need to verify the email address you used during registration. Go to your Sporcle Settings to finish the process.